| 000 | 01017nam a2200265Ia 4500 | ||
|---|---|---|---|
| 003 | OSt | ||
| 005 | 20221005104404.0 | ||
| 006 | a|||||r|||| 00| 0 | ||
| 007 | ta | ||
| 008 | 221004b |||||||| |||| 00| 0 hin d | ||
| 020 |
_a8186304169 (hbk) _c500 |
||
| 024 | _a105572 | ||
| 037 |
_b12955, 18/03/2011, Kitab Ghar _cTextual |
||
| 040 |
_aCRL _cCRL _bhin |
||
| 041 |
_2hin _ahin |
||
| 082 | _aO157,3M61x, 152Q1.1 | ||
| 100 | _aरविन्द्रनाथ | ||
| 245 | 0 | _aरवीन्द्रनाथ की कहानियॉंे | |
| 246 | _aRavīndranāth kī kahāniyaॉane | ||
| 260 |
_aदिल्ली _bभारत पुस्तक भण्डार भारत _c2011 |
||
| 490 | _vभाग 1 | ||
| 700 | _a बिस्वास, ममता, अनु. | ||
| 942 |
_hO157,3M61x, 152Q1.1 _cTEXL _2cc |
||
| 999 |
_c1012558 _d1012558 |
||